[Event "FIDE Online Olympiad Top Division 2020"]
[Site "Online"]
[Date "2020.08.24"]
[Round "?"]
[White "Charinda, Kudzanayi"]
[Black "Melamed, Tatjana"]
[Result "0-1"]
[WhiteElo "1708"]
[BlackElo "2347"]
[Annotator "ChessBase"]
[PlyCount "74"]
[EventDate "2020.08.21"]
[TimeControl "900+5"]

1. e4 {[%emt 0:00:09]} c5 {[%emt 0:00:02]} 2. Nf3 {[%emt 0:00:04]} e6 {[%emt 0:00:02]} 3. d4 {[%emt 0:00:05]} cxd4 {[%emt 0:00:01]} 4. Nxd4 {[%emt 0:00:04]} Nc6 {[%emt 0:00:02]} 5. Nc3 {[%emt 0:00:10]} Qc7 {[%emt 0:00:04]} 6. Be3 {[%emt 0:00:53]} a6 {[%emt 0:00:11]} 7. Qd2 {[%emt 0:00:49]} Nf6 {[%emt 0:00:20]} 8. f3 {[%emt 0:00:17]} Ne5 {[%emt 0:00:38]} 9. Be2 {[%emt 0:02:05]} b5 {[%emt 0:00:38]} 10. Nb3 {[%emt 0:01:58]} Bb7 {[%emt 0:01:10]} 11. g4 {[%emt 0:01:29]} h6 {[%emt 0:00:53]} 12. O-O-O {[%emt 0:00:57]} Rc8 {[%emt 0:02:13]} 13. Kb1 {[%emt 0:00:13]} b4 {[%emt 0:05:05]} 14. Na4 {[%emt 0:00:38]} Nxe4 {[%emt 0:00:05]} 15. fxe4 {[%emt 0:00:49]} Bxe4 {[%emt 0:00:04]} 16. Nac5 {[%emt 0:01:13]} Bxh1 {[%emt 0:00:31]} 17. Rxh1 {[%emt 0:00:11]} Be7 {[%emt 0:00:45]} 18. Rd1 {[%emt 0:01:18]} O-O {[%emt 0:00:29]} 19. Ne4 {[%emt 0:01:38]} d5 {[%emt 0:00:08]} 20. Ng3 {[%emt 0:00:17]} Nc4 {[%emt 0:00:09]} 21. Bxc4 {[%emt 0:00:18]} dxc4 {[%emt 0:00:02]} 22. Nd4 {[%emt 0:00:14]} c3 {[%emt 0:00:08]} 23. Qf2 {[%emt 0:00:22]} Rfd8 {[%emt 0:00:15]} 24. Rf1 {[%emt 0:00:12]} Bg5 {[%emt 0:00:28]} 25. Bxg5 {[%emt 0:00:14]} hxg5 {[%emt 0:00:02]} 26. Nh5 {[%emt 0:00:08]} Rd7 {[%emt 0:00:23]} 27. Nf6+ {[%emt 0:00:15]} gxf6 {[%emt 0:00:23]} 28. Qxf6 {[%emt 0:00:06]} Qd6 {[%emt 0:00:42]} 29. Qxg5+ {[%emt 0:00:05]} Kf8 {[%emt 0:00:03]} 30. Qh6+ {[%emt 0:00:03]} Ke8 {[%emt 0:00:20]} 31. Qh8+ {[%emt 0:00:06]} Qf8 {[%emt 0:00:01]} 32. Qf6 {[%emt 0:00:03]} Rcd8 {[%emt 0:00:12]} 33. a3 {[%emt 0:00:06]} Rxd4 {[%emt 0:00:05]} 34. axb4 {[%emt 0:00:06]} Rd1+ {[%emt 0:00:02]} 35. Rxd1 {[%emt 0:00:03]} Rxd1+ {[%emt 0:00:02]} 36. Ka2 {[%emt 0:00:05]} Qxb4 {[%emt 0:00:09]} 37. Qh8+ {[%emt 0:00:04]} Kd7 {[%emt 0:00:02]} 0-1

[Event "FIDE Online Olympiad Top Division 2020"]
[Site "Online"]
[Date "2020.08.24"]
[Round "?"]
[White "Mwadzura, Roy"]
[Black "Fridman, Daniel"]
[Result "0-1"]
[WhiteElo "1652"]
[BlackElo "2550"]
[Annotator "ChessBase"]
[PlyCount "80"]
[EventDate "2020.08.21"]
[TimeControl "900+5"]

1. e4 {[%emt 0:00:06]} c6 {[%emt 0:00:03]} 2. d4 {[%emt 0:00:03]} d5 {[%emt 0:00:02]} 3. e5 {[%emt 0:00:02]} c5 {[%emt 0:00:01]} 4. dxc5 {[%emt 0:00:07]} Nc6 {[%emt 0:00:02]} 5. Nf3 {[%emt 0:00:08]} Bg4 {[%emt 0:00:03]} 6. Be2 {[%emt 0:01:27]} e6 {[%emt 0:00:04]} 7. Be3 {[%emt 0:00:04]} Nge7 {[%emt 0:00:03]} 8. Nd4 {[%emt 0:00:45]} Bxe2 {[%emt 0:00:05]} 9. Qxe2 {[%emt 0:00:03]} Nxe5 {[%emt 0:00:42]} 10. Nd2 {[%emt 0:00:21]} N7c6 {[%emt 0:00:24]} 11. c3 {[%emt 0:00:16]} Be7 {[%emt 0:00:17]} 12. O-O {[%emt 0:00:03]} O-O {[%emt 0:00:02]} 13. b4 {[%emt 0:00:06]} Bf6 {[%emt 0:00:18]} 14. f4 {[%emt 0:00:31]} Nxd4 {[%emt 0:00:27]} 15. Bxd4 {[%emt 0:00:27]} Nc6 {[%emt 0:00:05]} 16. Nf3 {[%emt 0:00:17]} b6 {[%emt 0:00:27]} 17. Bxf6 {[%emt 0:00:37]} Qxf6 {[%emt 0:00:03]} 18. b5 {[%emt 0:00:06]} Ne7 {[%emt 0:00:20]} 19. Ne5 {[%emt 0:00:32]} bxc5 {[%emt 0:00:13]} 20. Nd7 {[%emt 0:00:26]} Qxc3 {[%emt 0:00:02]} 21. Nxf8 {[%emt 0:00:05]} Rxf8 {[%emt 0:00:03]} 22. Rac1 {[%emt 0:00:04]} Qb4 {[%emt 0:00:57]} 23. Qf2 {[%emt 0:00:40]} Rc8 {[%emt 0:00:10]} 24. Rb1 {[%emt 0:00:05]} Qa5 {[%emt 0:00:08]} 25. Rfc1 {[%emt 0:00:13]} Qb6 {[%emt 0:00:59]} 26. a4 {[%emt 0:00:21]} h5 {[%emt 0:02:18]} 27. a5 {[%emt 0:00:19]} Qxa5 {[%emt 0:00:04]} 28. Rxc5 {[%emt 0:00:04]} Rxc5 {[%emt 0:00:02]} 29. Qxc5 {[%emt 0:00:02]} Nf5 {[%emt 0:00:04]} 30. Qc8+ {[%emt 0:00:48]} Kh7 {[%emt 0:00:02]} 31. Qc2 {[%emt 0:00:01]} g6 {[%emt 0:00:26]} 32. Qf2 {[%emt 0:00:07]} d4 {[%emt 0:00:11]} 33. g3 {[%emt 0:00:15]} Qc3 {[%emt 0:00:45]} 34. Qe1 {[%emt 0:00:22]} Qd3 {[%emt 0:00:23]} 35. Qf1 {[%emt 0:00:41]} Qe3+ {[%emt 0:00:22]} 36. Qf2 {[%emt 0:00:04]} Qa3 {[%emt 0:01:23]} 37. Qe2 {[%emt 0:02:18]} Ne3 {[%emt 0:00:25]} 38. b6 {[%emt 0:02:04]} axb6 {[%emt 0:00:08]} 39. Rxb6 {[%emt 0:00:02]} Qc1+ {[%emt 0:00:34]} 40. Kf2 {[%emt 0:00:06]} Qh1 {[%emt 0:00:07]} 0-1

[Event "FIDE Online Olympiad Top Division 2020"]
[Site "Online"]
[Date "2020.08.24"]
[Round "?"]
[White "Mpala, Leeroy"]
[Black "Vogel, Roven"]
[Result "0-1"]
[WhiteElo "1182"]
[BlackElo "2275"]
[Annotator "TA"]
[PlyCount "58"]
[EventDate "2020.08.21"]

{[%evp 19,58,14,21,-24,-15,-34,-37,-97,-102,-104,-84,-176,-165,-161,-158,-165,-150,-237,-241,-285,-285,-285,-285,-289,-294,-286,-292,-285,-277,-272,-262,-421,-411,-389,-358,-415,-420,-391,-416,-534,-530]} 1. d4 Nf6 2. Nf3 g6 3. g3 Bg7 4. Bg2 O-O 5. c4 d6 6. O-O Nbd7 {[%cal Bb8d7,Bd7c5,Bc5e6][%mdl 32]} 7. Nc3 e5 8. dxe5 dxe5 9. Qc2 c6 10. Rd1 Qe7 11. Bg5 {[#] E67: King's Indian: Fianchetto: 6...Nbd7.} Nc5 $146 ({Predecessor:} 11... h6 12. Bxf6 Nxf6 13. e3 Bf5 14. Qe2 e4 15. Nd4 Bg4 16. f3 exf3 17. Bxf3 Bxf3 18. Qxf3 Rfe8 19. Re1 h5 20. Re2 Ng4 21. Rae1 Ne5 22. Qf4 Nd3 {0-1 (22) Magold,V (2032)-Banzea,A (2313) Arad 2018}) 12. e4 Bg4 13. Rac1 (13. h3 $15 Bxf3 14. Bxf3) 13... Ne6 $1 $17 {aiming for ...Bxf3.} 14. Be3 {[#]} Nd7 $1 15. h3 {[#]} (15. Ne2 $17) 15... Bxf3 $1 $19 16. Bxf3 Nd4 $36 {[%mdl 2048] Black is really pushing.} 17. Bxd4 exd4 18. Ne2 (18. Nb1 $17) 18... Ne5 19. Bg2 d3 20. Rxd3 Nxd3 21. Qxd3 Rfd8 22. Qc2 Qb4 {Hoping for ...Rd2.} 23. Nc3 Qxc4 24. Bf1 Qc5 25. Rd1 $2 (25. Kg2) 25... Rxd1 26. Qxd1 Bd4 27. Qf3 Bxc3 28. bxc3 Rd8 29. Qf6 Rd1 {Black took control after the opening. Accuracy: White = 36%, Black = 100%.} 0-1